| 000 | 00664nam a2200205 i 4500 | ||
|---|---|---|---|
| 001 | 132308 | ||
| 003 | ES-MaACL | ||
| 005 | 20250911063551.0 | ||
| 007 | t| | ||
| 008 | 070214s1936 ag r ||||1| spa d | ||
| 080 | _a130.2 | ||
| 100 | 0 |
_aRomero, Francisco, _d1891-1962 _999324 |
|
| 245 | 1 | 4 |
_aLos problemas de la filosofía de la cultura / _cFrancisco Romero. |
| 260 |
_aSanta Fé [Argentina] : _bUniversidad Nacional del Litoral, Instituto Social, _c1936. |
||
| 300 |
_a27 p. ; _c23 cm. |
||
| 650 |
_aCultura- _xFilosofía. _911518 |
||
| 710 | 2 |
_aUniversidad Nacional del Litoral. _97427 |
|
| 852 |
_aES-MaACL _j1820-F-25 |
||
| 999 |
_c132308 _d132308 |
||